| 000 | 00874cas a2200265 a 4500 | ||
|---|---|---|---|
| 001 | 78845 | ||
| 003 | BD-RjUL | ||
| 005 | 20211209083159.0 | ||
| 008 | 211121s1956uuuupakqr | 0 z0urd | ||
| 035 | _a(BD-RjUL)79072 | ||
| 040 |
_aIXA _beng _cIXA _dOCLCQ _dIXA _dDLC _dOCLCF _dOCLCQ |
||
| 041 | 0 |
_aurd _aeng |
|
| 082 |
_223 _a297.09 |
||
| 100 | 1 |
_aNajibabadi, Akbar Shah Khan ;; نجيب ابادي, اكبر شاه خان _9250294 |
|
| 245 | 1 | 0 |
_aتاريخ اسلام.;;Tārīkh-i Islām./ _cاكبر شاه خان نجيب ابادي ;; Akbar Shah Khan Najibabadi |
| 246 | 1 | 5 | _aHistory of Islam |
| 260 |
_aKarachi : _bNafis akademy, _c1956 |
||
| 300 |
_avolumes ; _c24 cm |
||
| 505 | _aVol.1.-- | ||
| 650 | 0 |
_aIslam _xHistory _9250295 |
|
| 650 | 7 |
_aIslam. _2fast _9250296 |
|
| 942 |
_2ddc _cBK |
||
| 999 |
_c78845 _d78845 |
||